000 01560nam a2200409 a 4500
001 000109648
003 CHAP
005 20220817044622.0
008 140516s2014 mx sm |||||||spa d
010 _a106110
011 _a107082
040 _cCHAP
090 _aTesis
100 1 _aGutiérrez García, Jesús Valentin
_951694
245 1 0 _aCalidad de agua en la producción de pinus cembroides Zucc. en vivero
_h[En línea]
_cpor Jesús Valentín Gutiérrez García.
260 _aChapingo, Méx. :
_bEl autor,
_c2014.
500 _aPara ver el contenido del material haga clic en la liga
502 _aTesis (MC. en Forestales) -- UACH. Departamento División de Ciencias Forestales
590 _aBATCH-UPD
_b05
_c20141002
_lUCH01
_h0903
590 _aE11695DGD
_b10
_c20141013
_lUCH01
_h1300
590 _aE11695DGD
_b10
_c20141013
_lUCH01
_h1301
590 _aE11695DGD
_b10
_c20141013
_lUCH01
_h1303
590 _aE11695DGD
_b10
_c20141013
_lUCH01
_h1303
590 _aE11695DGD
_b10
_c20141013
_lUCH01
_h1303
590 _aE11695DGD
_b10
_c20170919
_lUCH01
_h1132
590 _aE5765TAJ
_b05
_c20140516
_lUCH01
_h0950
590 _aE5765TAJ
_b05
_c20140516
_lUCH01
_h0950
650 1 4 _aAgua para irrigación
_xEfecto en plantas
_92437
650 1 4 _aFertilizantes
_xEfecto en plantas.
650 1 4 _aOyamel
_xFisiología y morfología.
_9126838
650 1 4 _aPinus cembroides.
_988325
650 1 4 _aViveros forestales.
_9120100
856 _aFinding aid
_uhttp://10.13.5.2/tesis/sist109648.pdf
_zTeclea aquí
901 _aBK
942 _cTESIS
942 _n0
999 _c106110
_d106110